El arte de la adaptación : cómo convertir hechos y ficciones en películas /

Kaydedildi:
Detaylı Bibliyografya
Yazar: Seger, Linda (autor)
Diğer Yazarlar: Méndiz Noguero, Alfonso (edición, prólogo y notas) (edición, prólogo y notas), Gómez B. de Castro, Ramiro (epílogo) (epílogo)
Materyal Türü: Kitap
Dil:İspanyolca
Baskı/Yayın Bilgisi: Madrid, España : Rialp, 2000, c2000
Edisyon:2a edición
Seri Bilgileri:(Libros de Cine) [s.n.]
Konular:
Etiketler: Etiketle
Etiket eklenmemiş, İlk siz ekleyin!

MARC

LEADER 00000nam^a2200000^a^4500
001 000281662
005 20250521000000.0
008 081006 20002000
009 20260310111542.551
020 |a 84-321-2976-3 
037 |a Acervo ITESO - Biblioteca 
041 |a ESP 
082 |a 302. 235012  |b SEG 
100 |a Seger, Linda  |e (autor) 
245 1 3 |a El arte de la adaptación :  |b cómo convertir hechos y ficciones en películas /  |c L. Seger ; ed., pról. y notas de A. Méndiz Noguero ; epílogo de R. Gómez B. de Castro. 
250 |a 2a edición 
264 4 |a Madrid, España :  |b Rialp,  |c 2000, c2000 
300 |a 298 p. 
336 |a texto  |b txt  |2 rdacontenido 
337 |a sin mediación  |b n  |2 rdamedio 
338 |a volumen  |b nc  |2 rdasoporte 
440 1 |a (Libros de Cine) [s.n.] 
500 |a Traducción de: The Art of Adaptation: Turning Fact and Fiction into Film 
649 |a XX 
650 |a Adaptaciones para Cine -  |x Tema Principal 
650 |a Guiones Cinematográficos -  |x Teoría 
650 |a Literatura y Cine -  |x Teoría 
650 |a Cine -  |x Teoría 
650 |a Derecho de Autor -  |z España -  |x Teoría 
700 |a Méndiz Noguero, Alfonso  |e (edición, prólogo y notas) 
700 |a Gómez B. de Castro, Ramiro  |e (epílogo) 
910 |a Fondo General 
920 |a Impresos - Libros 
930 |a Colección General 
905 |a 101 
901 |a 0500168023  |b IT1  |c ACC  |u 20250521 
902 |a https://opac.biblio.iteso.mx/vufind/Record/000281662